Apartment house

Na minha lista:
Detalhes bibliográficos
Autor principal: Majbová, Tamara (Author)
Outros Autores: Chmelík, Vojtech (Thesis advisor)
Formato: Manuscrito Livro
Idioma:eslovaco
inglês
Publicado em: 2020
Assuntos:
Acesso em linha:http://is.stuba.sk/zp/portal_zp.pl?podrobnosti=159871
https://opac.crzp.sk/?fn=detailBiblioForm&sid=FD93F7145DB9686268D730EFB2D7
Tags: Adicionar Tag
Sem tags, seja o primeiro a adicionar uma tag!

MARC

LEADER 00000ntm a22000003a 4500
001 stuzp81154
003 SK-STU
005 20230519123352.4
007 ta
008 150427s2015----xo-----f-mn---000-0-slo-d
040 |a STU  |b slo 
041 0 |a eng 
100 1 |a Majbová, Tamara  |u 010310  |4 aut  |U SvF Stavebná fakulta  |T SvF Katedra architektúry  |X 93246  |U V181|V310  |Y 19  |7 93246 
242 0 1 |a Bytový dom  |y slo 
245 1 0 |a Apartment house 
260 |c 2020 
650 4 |a ARCHITEKTONICKÝ A STAVEBNÝ PLÁN  |2 slo 
650 4 |a TECHNICKÁ SPRÁVA  |2 slo 
650 4 |a BYTOVÝ DOM  |2 slo 
650 4 |a TECHNICAL REPORT  |2 eng 
650 4 |a APARTMENT HOUSE  |2 eng 
650 4 |a ARCHITECTURAL AND CONSTRUCTION PLAN  |2 eng 
700 1 |a Chmelík, Vojtech  |u 010310  |k Z1  |4 ths  |U SvF Stavebná fakulta  |T SvF Katedra architektúry  |X 20349  |U V181|V310  |Y 19  |7 A000020349 
856 4 |u http://is.stuba.sk/zp/portal_zp.pl?podrobnosti=159871 
856 4 |u https://opac.crzp.sk/?fn=detailBiblioForm&sid=FD93F7145DB9686268D730EFB2D7